01763nam a2200325 u 450000100100000000500170001000800410002704000250006808200250009311000320011824000180015024500440016824600320021226000910024430000260033549000120036158101410037359000250051465000620053965000560060165000390065783000190069691000390071595201380075495201380089295201380103095201230116895201290129199900170142000002981620200930055828.0100806s2010 dr r 000 0 spa d aDO-SdBNPbspacBNPHU a344.092bR426L, 20101 aRepública Dominicana944713a[Leyes, etc.]10aLey No. 502-08 del libro y bibliotecas.14aLey del libro y bibliotecas aSanto Domingo :bBiblioteca Nacional Pedro Henríquez Ureña,c2010.fEditora Búho axxiv, 82 p. ;c23 cm.1 aPopular aPublicado en: Gaceta Oficial. Año CXLVI, No. 10502, Santo Domingo de Guzmán, D. N., República Dominicana, 30 de diciembre de 2008. aInventariado,2018/DG 4aBibliotecasxLegislaciónzRepública Dominicana936651 4aLibroxLegislaciónzRepública Dominicana936652 4aLegislación bibliotecaria936653 0aPopular913374 aValidado. Control de calidad BNPHU 001054708DSaGRbGRcHDd2011-04-27iLF1l0o344.092 R426L, 2010p29816-30r2020-06-25te. 3w2020-06-25yLFDSZPréstamo en sala 001054708DSaGRbGRcHDd2011-05-03iLF1l0o344.092 R426L, 2010p29816-40r2020-06-25te. 4w2020-06-25yLFDSZPréstamo en sala 001054708DSaGRbGRcHDd2011-05-03iLF1l0o344.092 R426L, 2010p29816-50r2020-06-25te. 5w2020-06-25yLFDSZPréstamo en sala 0010718PDaPDbPDcHDd2011-04-26iLF1l0o344.092 R426L, 2010p29816-10r2020-06-25w2020-06-25yLFPDZNo se presta 0010718PDaPDbPDcHDd2011-04-26iLF1l0o344.092 R426L, 2010p29816-20r2020-06-25te. 2w2020-06-25yLFPDZNo se presta c29308d29308